Black Ops 7 Maps - Statistics

General Stats
  • This quiz has been taken 25 times
    22 since last reset
  • The average score is 11 of 21
Answer Stats
Answer % Correct
Nuketown 2025
93%
Cortex
79%
Raid
79%
Colossus
71%
Blackheart
64%
Den
64%
Exposure
57%
Scar
57%
The Forge
57%
Ashes of the Damned
50%
Homestead
50%
Paranoia
50%
Express
43%
Flagship
43%
Imprint
43%
Toshin
43%
Hijacked
36%
Retrieval
36%
Vandorn Farm
29%
Mission: Tide
21%
Mission: Edge
14%
No matching quizzes found
Score Distribution
Percent of People with Each Score
Percentile by Number Answered
Your Score History
You have not taken this quiz since the last reset